Starting Science ... Again? (Record no. 577431)

MARC details
000 -LEADER
fixed length control field 00496nam a22001817a 4500
008 - FIXED-LENGTH DATA ELEMENTS--GENERAL INFORMATION
fixed length control field 250725b |||||||| |||| 00| 0 eng d
020 ## - INTERNATIONAL STANDARD BOOK NUMBER
ISBN 9781847870094
Paper back/Hardbound pbk
041 ## - LANGUAGE CODE
Language code of text/sound track or separate title eng
082 ## - DEWEY DECIMAL CLASSIFICATION NUMBER
Classification number 507.1241
Item number BRA
100 ## - MAIN ENTRY--AUTHOR NAME
Personal name Martin Braund
245 ## - TITLE STATEMENT
Title Starting Science ... Again?
Sub Title : making progress in science learning
Statement of responsibility, etc Braund, Martin
250 ## - EDITION STATEMENT
Edition statement 1 st ed
260 ## - PUBLICATION, DISTRIBUTION, ETC. (IMPRINT)
Place of publication London
Name of publisher Sage Publications
Year of publication 2008
300 ## - PHYSICAL DESCRIPTION
Number of Pages xv, 164p.,
650 ## - SUBJECT ADDED ENTRY--TOPICAL TERM
Topical Term Science
942 ## - ADDED ENTRY ELEMENTS (KOHA)
Koha item type Books
Holdings
Withdrawn status Lost status Damaged status Not for loan Home library Current library Shelving location Date acquired Full call number Accession Number Price effective from Koha item type
        Anna Centenary Library Anna Centenary Library 5TH FLOOR, A WING 16.08.2010 507.1241 BRA 159558 25.07.2025 Books

Find us on the map